| 000 | 00496nam a2200181Ia 4500 | ||
|---|---|---|---|
| 001 | 8986 | ||
| 005 | 20260306160650.0 | ||
| 008 | 260306t2012||||xx |||||||||||||| ||spa|| | ||
| 041 | _aESP | ||
| 082 |
_a372.21 _bI35 |
||
| 100 |
_aIglesias Iglesias, Rosa Ma. _eAUT |
||
| 245 | 0 |
_aLa organización del trabajo docente en preescolar: _blas situaciones didácticas y el programa diario del maestro |
|
| 260 | _c2012 | ||
| 300 |
_a _c |
||
| 650 | _aGEN | ||
| 654 | _aCED | ||
| 942 |
_cLIB _dJUS _fJUS _2ddc _n |
||
| 999 |
_c8986 _d8986 |
||